Iron Age Languages of Italy and Croatia - Map Quiz - Statistics

General Stats
  • This quiz has been taken 265 times
  • The average score is 11 of 19
Answers on the Map
Answers color-coded by a green-red scale on the quiz's map according to % correct below.
 
Answer Stats
Answer % Correct
Gaulish
80%
Greek
79%
Etruscan
78%
Illyrian
78%
Latin
78%
Venetic
77%
Ligurian
74%
Punic
72%
Sicel
62%
Rhaetic
57%
Umbrian
55%
North Picene
46%
Oscan
44%
South Picene
44%
Nuragic
37%
Messapic
29%
Liburnian
28%
Lepontic
25%
Faliscan
19%
No matching quizzes found
Score Distribution
Percent of People with Each Score
Percentile by Number Answered
Your Score History
You have not taken this quiz